• 首页
  • 本馆介绍
  • 公告通知
  • 最新文献
  • 馆藏检索
  • 电子资源
  • 读者导购
  • 参考咨询
  • 我的图书馆
  • 登录
  • 详细信息显示
  • 放入我的书架
  • 预约/预借图书
  • 作者相关作品
  • 分类相关作品
  • 丛书相关作品
  • 出版社相关作品

书目信息

  • 表格格式
  • 工作单格式
  • 卡片格式
题名:
电工仪器仪表与应用
    
 
作者: 王鸿钰 编
分册:  
出版信息: 上海   上海科学技术出版社  1981
页数: 387页
开本: 19cm
丛书名:
单 册:
中图分类: TM93
科图分类:
主题词: 电工仪表
电子资源:
ISBN:
000 00654nam0 2200241 45
001 0181003775
005 20040521083017.0
010    @dCNY1.15
091    @a15119.2140
100    @a19950615d1981 em y0chiy0121 ea
101 0  @achi
102    @aCN@b310000
105    @ay z 000yy
106    @ar
200 10 @a电工仪器仪表与应用@Adian gong yi qi yi biao yu ying yong@f王鸿钰编
210    @a上海@c上海科学技术出版社@d1981
215    @a387页@d19cm
606    @a电工仪表
690    @aTM93@v3
701  0 @a王鸿钰@Awang hong yu@4编
801  0 @aCN@b上海图书馆@c20040521
801  2 @aCN@bNLC@c20040521
905    @f3@b113658-660@f2@b73558-559@dTM93@e24
    
    电工仪器仪表与应用/王鸿钰编.-上海:上海科学技术出版社,1981
    387页;19cm
    
    
    ISBN :CNY1.15
    
●
相关链接 在E读中查询图书 在五车中查询图书 在当当中查询图书 在豆瓣中查询图书


正题名:电工仪器仪表与应用     索取号:TM93/24         预约/预借

序号 登录号 条形码 馆藏地/架位号 状态 备注
1 0073558   001346831   第三借阅区/ [索取号:TM93/24] 在馆    
2 0073559   001346797   第三借阅区/ [索取号:TM93/24] 在馆    
3 0073560   001346635   第二样本阅览室/ [索取号:TM93/24] 在馆    
4 0113658   001346671   第三借阅区/ [索取号:TM93/24] 在馆    
5 0113659   001346715   第三借阅区/ [索取号:TM93/24] 在馆    
6 0113660   001346751   第三借阅区/ [索取号:TM93/24] 在馆    
唐山师范学院图书馆 欢迎您!
大连网信软件有限公司© 版权所有